000 00479nam a2200169 a 4500
001 000044074
005 20201002045130.0
008 140515s1982 sp 000 0 spa d
020 _a8402091164
040 _aDO-SdBNP
_bspa
_cBNPHU
082 _axxxx
_bxxxx
100 1 _aTurell, Fausto,
_d1924-
_972067
245 1 0 _aDiccionario auxiliar del crucigramista /
_cF. Turell.
250 _aEdición especial
260 _aBarcelona :
_bBruguera,
_c1982.
300 _a2542 p. ;
_c15 cm.
999 _c43563
_d43563